Séries d'animation japonaises licenciées par Netflix - Statistiques

Statistiques générales
  • Ce quiz a été pris 65 fois
  • Le résultat moyen est 12 sur 49
Statistiques - réponses
Par images Réponse % Correct
Beastars
84%
The Seven Deadly Sins
74%
Baki
70%
Gambling School
70%
Violet Evergarden
62%
Edens Zero
50%
Komi cherche ses mots
50%
Sakamoto Days
48%
Saiki Kusuo no Psi-nan
42%
Cyberpunk: Edgerunners
40%
Blue Period
36%
Devilman Crybaby
36%
Aggretsuko
32%
Blue Box
32%
Valkyrie Apocalypse
30%
Ajin
28%
Kengan Ashura
28%
Little Witch Academia
28%
Shaman King
28%
Dorohedoro
26%
Forest of Piano
26%
Gloutons & Dragons
26%
BNA
24%
Castlevania
22%
La Voie du tablier
22%
Carole & Tuesday
20%
Fate/Apocrypha
20%
Kotaro en solo
18%
B: The Beginning
16%
Quand Takagi me taquine
16%
Hi Score Girl
14%
Rising Impact
14%
Détective Conan: Zero à l'heure du thé
12%
Sirius the Jaeger
12%
7 Seeds
10%
Back Street Girls: Gokudols
10%
Détective Conan: Apprenti Criminel
10%
Flavors of Youth
8%
Kuromukuro
8%
Ultramarine Magmell
6%
Cannon Busters
4%
Lost Song
4%
Pilote Dragon: Hisone & Masotan
4%
Cagaster of an Insect Cage
2%
Dino Girl Gauko
2%
Drifting Dragons
2%
Hero Mask
2%
Revisions
2%
Sword Gai: The Animation
2%
Aucun quiz correspondant
Distribution des résultats
% des personnes avec chaque résultat
Percentile par nombre de réponses
Votre historique - résultats
Vous n’avez pas pris ce quiz